Les stations de tarentaise par taille - Statistiques

Statistiques générales
  • Ce quiz a été pris 14 fois
  • Le résultat moyen est 9 sur 12
Statistiques - réponses
Kilomètres Réponses % Correct
211 Tignes
100%
145 Courchevel
91%
225 La Plagne
91%
145 Val Thorens
91%
200 Les Arcs
82%
89 Val d'Isère
82%
160 Les Menuires
73%
150 Méribel
73%
68 Saint Foy tarentaise
64%
120 La Rosière
55%
33 Peisey-vallandry
36%
160 Saint Martin de Belleville
27%
Aucun quiz correspondant
Distribution des résultats
% des personnes avec chaque résultat
Percentile par nombre de réponses
Votre historique - résultats
Vous n’avez pas pris ce quiz